1947 [i.e. Nineteen Forty Seven] Britannica Book of the Year : A Record of the March of Events of 1946 /

Guardado en:
Detalles Bibliográficos
Otros autores: Yust, Walter (ed.) (ed.)
Formato: Libro
Idioma:Inglés
Publicado: Chicago, EUA : Encyclopaedia Britannica, 1947, c1947
Temas:
Etiquetas: Agrega una etiqueta
Sin etiquetas, Sé el primero en etiquetar este registro!

MARC

LEADER 00000nam^a2200000^a^4500
001 000298207
005 20250521000000.0
008 100322 19471947
009 20260310112401.011
037 |a Acervo Xavier Clavigero 
041 |a ING 
082 |a 030.  |b BRI 1946 
240 1 1 |a [Enciclopedia Británica] 
240 1 1 |a [Enciclopedia Británica: Libro del año] 
245 0 0 |a 1947 [i.e. Nineteen Forty Seven] Britannica Book of the Year :  |b A Record of the March of Events of 1946 /  |c Ed. de W. Yust. 
246 2 |a Título en la cubierta: Britannica Book of the Year 1947: Events of 1946 
264 4 |a Chicago, EUA :  |b Encyclopaedia Britannica,  |c 1947, c1947 
300 |a XXI, 876 p. 
336 |a texto  |b txt  |2 rdacontenido 
337 |a sin mediación  |b n  |2 rdamedio 
338 |a volumen  |b nc  |2 rdasoporte 
649 |a XX 
650 |a Anuarios -  |x Tema Principal 
650 |a Cronología Histórica -  |y 1940-1949 -  |x Tema Principal 
650 |a Cronología Histórica -  |y Siglo XX 
650 |a Historia Moderna -  |y 1940-1949 
650 |a Historia Moderna -  |y Siglo XX 
650 |a Historia Universal 
650 |a Enciclopedias y Diccionarios 
700 |a Yust, Walter  |e (ed.) 
910 |a Fondo General 
920 |a Impresos - Libros 
930 |a Obras de Referencia 
905 |a 102 
901 |a 005470  |b IT2  |c REF  |u 20250521 
902 |a https://opac.biblio.iteso.mx/vufind/Record/000298207